Sprites de Zelda dans The Legend of Zelda - Statistiques

Statistiques générales
  • Ce quiz a été pris 69 fois
  • Le résultat moyen est 10 sur 15
Statistiques - réponses
Par images Réponse % Correct
Twilight Princess
98%
Tears of the Kingdom
95%
Breath of the Wild
90%
Skyward Sword
86%
The Wind Waker
81%
Ocarina of Time | Majora's Mask
79%
Echoes of Wisdom
75%
A Link Between Worlds
67%
Spirit Tracks
62%
The Legend of Zelda
62%
A Link to the Past
49%
Oracle of Ages | Oracle of Seasons
44%
Four Swords | Four Swords Adventures
33%
The Minish Cap
32%
Tri Force Heroes
32%
Aucun quiz correspondant
Distribution des résultats
% des personnes avec chaque résultat
Percentile par nombre de réponses
Votre historique - résultats
Vous n’avez pas pris ce quiz